Every Dinosaur in the Morrison Formation - Statistics

General Stats
  • This quiz has been taken 17 times
  • The average score is 23 of 40
Answer Stats
Answer % Correct
Allosaurus
100%
Diplodocus
100%
Stegosaurus
100%
Apatosaurus
92%
Brachiosaurus
92%
Camptosaurus
92%
Ornitholestes
92%
Torvosaurus
92%
Brontosaurus
85%
Ceratosaurus
85%
Hesperosaurus
85%
Camarasaurus
77%
Dryosaurus
77%
Amphicoelias
69%
Mymoorapelta
69%
Barosaurus
62%
Gargoyleosaurus
62%
Marshosaurus
62%
Supersaurus
62%
Alcovasaurus
54%
Coelurus
54%
Fruitadens
54%
Maraapunisaurus
54%
Nanosaurus
54%
Stokesosaurus
46%
Tanycolagreus
46%
Fosterovenator
38%
Haplocanthosaurus
38%
Hesperornithoides
38%
Kaatedocus
38%
Uteodon
38%
Koparion
31%
Smitanosaurus
31%
Suuwassea
31%
Ardetosaurus
23%
Dyslocosaurus
23%
Dystrophaeus
23%
Elaphrosaurus
23%
Enigmacursor
23%
Galeamopus
23%
No matching quizzes found
Score Distribution
Percent of People with Each Score
Percentile by Number Answered
Your Score History
You have not taken this quiz